BFDI by Letter - Statistics

General Stats
  • This quiz has been taken 292 times
  • The average score is 15 of 18
Answer Stats
Hint Answer % Correct
B Balloony/Barf Bag/Basketball/Blocky/Book/Bell/Black Hole/Bomby/Bottle/Bracelety/Bubble
98%
F Fanny/Firey/Firey Jr./Flower/Foldy/Fries/Four
93%
L Leafy/Lightning/Liy/Lollipop/Loser
92%
C Cake/Clock/Coiny/Cloudy
91%
P Pen/Pencil/Pie/Pillow/Pin/Profily/Puffball/Price Tag/Purple Face
90%
T Taco/Teardrop/Tennis Ball/Tree/TV/Two
90%
G Gaty/Gelatin/Golf Ball/Grassy
89%
D David/Dora/Donut
86%
S Saw/Spongy/Snowball/Stapy
86%
X X
86%
N Naily/Nickel/Needle/Nonexisty
85%
E Eggy/Eraser
84%
R Remote/Roboty/Robot Flower/Rocky/Ruby
83%
W Woody/Winner
82%
Y Yellow Face
82%
I Ice Cube
78%
M Marker/Match
77%
A (The) Announcer
72%
No matching quizzes found
Score Distribution
Percent of People with Each Score
Percentile by Number Answered
Your Score History
You have not taken this quiz